| 000 | 00691nam a2200205 i 4500 | ||
|---|---|---|---|
| 001 | 58545 | ||
| 003 | ES-MaACL | ||
| 005 | 20230906163831.0 | ||
| 007 | t| | ||
| 008 | 031022s1911 fr ||||1| fre d | ||
| 100 | 1 |
_aDuguit, Léon. _945936 |
|
| 245 | 1 | 0 |
_aTraité de droit constitutionnel / _cLéon Duguit. |
| 260 |
_aParis : _b[s.n., _c1911] ( _eBordeaux : _fImp. Y. Gadoret) |
||
| 300 |
_a2 v. ; _c22 cm. |
||
| 505 | 8 | _aContiene: T. I.: Théorie générale de l'Etat. -- T. II.: Les libertés publiques. L'organisation politique | |
| 740 | 0 | _aTheorie generale de l'Etat. | |
| 740 | 4 | _aLes libertés publiques. | |
| 740 | 2 | _aL'organisation politique. | |
| 852 |
_aES-MaACL _jF-12316-17 |
||
| 999 |
_c58545 _d58545 |
||